<?xml version="1.0" encoding="UTF-8"?>
<record
    xmlns:xsi="http://www.w3.org/2001/XMLSchema-instance"
    xsi:schemaLocation="http://www.loc.gov/MARC21/slim http://www.loc.gov/standards/marcxml/schema/MARC21slim.xsd"
    xmlns="http://www.loc.gov/MARC21/slim">

  <leader>01962njm a2200349Ia 4500</leader>
  <controlfield tag="001">20224</controlfield>
  <controlfield tag="003">IT-RoPAU</controlfield>
  <controlfield tag="005">20220918181216.0</controlfield>
  <controlfield tag="008">131025s9999    xx            000 0 und d</controlfield>
  <datafield tag="040" ind1=" " ind2=" ">
    <subfield code="a">IT-RoPAU</subfield>
  </datafield>
  <datafield tag="040" ind1=" " ind2=" ">
    <subfield code="c">IT-RoPAU</subfield>
  </datafield>
  <datafield tag="041" ind1=" " ind2=" ">
    <subfield code="a">ITALIANO</subfield>
  </datafield>
  <datafield tag="999" ind1=" " ind2=" ">
    <subfield code="c">104010</subfield>
    <subfield code="d">104010</subfield>
  </datafield>
  <datafield tag="999" ind1=" " ind2=" ">
    <subfield code="b">n.d.</subfield>
  </datafield>
  <datafield tag="100" ind1=" " ind2=" ">
    <subfield code="a">Weill Kurt</subfield>
    <subfield code="9">1039</subfield>
  </datafield>
  <datafield tag="100" ind1=" " ind2=" ">
    <subfield code="e">Autore musica</subfield>
    <subfield code="9">1040</subfield>
  </datafield>
  <datafield tag="100" ind1=" " ind2=" ">
    <subfield code="g">Codice Autore Musica SPICS: 11200</subfield>
    <subfield code="9">1041</subfield>
  </datafield>
  <datafield tag="245" ind1=" " ind2=" ">
    <subfield code="a">Milva canta Brecht (Lp Smrl 6080)</subfield>
  </datafield>
  <datafield tag="250" ind1=" " ind2=" ">
    <subfield code="a">1a ed.</subfield>
  </datafield>
  <datafield tag="260" ind1=" " ind2=" ">
    <subfield code="a">MILANO</subfield>
  </datafield>
  <datafield tag="260" ind1=" " ind2=" ">
    <subfield code="b">RICORDI</subfield>
    <subfield code="c">1971 [1a Ed.:1971 - Ed. Lingua Orig.: 1971]</subfield>
  </datafield>
  <datafield tag="300" ind1=" " ind2=" ">
    <subfield code="a">DISCO</subfield>
  </datafield>
  <datafield tag="300" ind1=" " ind2=" ">
    <subfield code="c">34 minuti (Testo:  pag.)</subfield>
  </datafield>
  <datafield tag="500" ind1=" " ind2=" ">
    <subfield code="a">Jenny dei pirati da "Die Dreigroschenoper" - Barbara Song da "Die Dreigroschenoper" - Ballata della schiavit&#xF9; sessuale da "Die Dreigroschenoper" - Surabaya Jonny da "Happy End" - Nel letto in cui siamo staremo da "Aufstieg Und Fall Der Stadt...". Giorgio Streheler. Musica e teatro. Storie di vita. Musica e poesia. Musica leggera.</subfield>
  </datafield>
  <datafield tag="505" ind1=" " ind2=" ">
    <subfield code="a">Jenny dei pirati da "Die Dreigroschenoper" - Barbara Song da "Die Dreigroschenoper" - Ballata della schiavit&#xF9; sessuale da "Die Dreigroschenoper" - Surabaya Jonny da "Happy End" - Nel letto in cui siamo staremo da "Aufstieg Und Fall Der Stadt...". - Ballata per una ragazza annegata da "Das Berliner Requiem" (5:00) - Ballata della donna del soldato nazista da "Schwejk Im Zweiten Weltkrieg" (4:00) - Ballata di Maria Sanders (4:00).</subfield>
  </datafield>
  <datafield tag="511" ind1=" " ind2=" ">
    <subfield code="a">Baracchi Walter: pianoforte</subfield>
  </datafield>
  <datafield tag="511" ind1=" " ind2=" ">
    <subfield code="a">Streheler Giorgio</subfield>
  </datafield>
  <datafield tag="511" ind1=" " ind2=" ">
    <subfield code="a">Milva (Biolcati Maria Ilva)</subfield>
  </datafield>
  <datafield tag="650" ind1=" " ind2=" ">
    <subfield code="a">CANZONE [DISCHI]</subfield>
    <subfield code="e">Codice MATERIA SPICS: 9950</subfield>
    <subfield code="9">920</subfield>
  </datafield>
  <datafield tag="700" ind1=" " ind2=" ">
    <subfield code="a">Brecht Bertolt</subfield>
    <subfield code="e">Autore</subfield>
    <subfield code="g">Codice autore SPICS:  8828</subfield>
    <subfield code="p">Ballata della donna del soldato nazista - Ballata di Maria Sanders</subfield>
    <subfield code="9">1042</subfield>
  </datafield>
  <datafield tag="700" ind1=" " ind2=" ">
    <subfield code="a">Eissler</subfield>
    <subfield code="g">Codice autore musica SPICS:  6992</subfield>
    <subfield code="e">Autore musica</subfield>
    <subfield code="p">Ballata per una ragazza annegata - Ballata della donna del soldato nazista - Ballata di Maria Sanders</subfield>
    <subfield code="9">1043</subfield>
  </datafield>
  <datafield tag="942" ind1=" " ind2=" ">
    <subfield code="c">MD</subfield>
    <subfield code="2">ddc</subfield>
  </datafield>
  <datafield tag="952" ind1=" " ind2=" ">
    <subfield code="0">0</subfield>
    <subfield code="1">0</subfield>
    <subfield code="4">0</subfield>
    <subfield code="6">20224_000000000000000</subfield>
    <subfield code="7">1</subfield>
    <subfield code="a">SPICS</subfield>
    <subfield code="b">SPICS</subfield>
    <subfield code="d">2013-10-25</subfield>
    <subfield code="l">0</subfield>
    <subfield code="o">20224</subfield>
    <subfield code="r">2013-10-25 00:00:00</subfield>
    <subfield code="w">2013-10-25</subfield>
    <subfield code="y">MD</subfield>
    <subfield code="z">Progr. Ins.: 3536 / N.Vol.: 1 / Copie: 1 - Copia rara: n.d. / date import: 01.01.2014 - By Epidotti, Trombetti, Vaglietti</subfield>
  </datafield>
</record>
